MDQL
is popping MORE tags! Check the
thread
!
Quizzes
Events
Quiz Creation
Community
Videos
Private Events
Remove Ads
Sign In
Join for FREE
Feedback
Dark Mode
Quiz Categories
Sports
Geography
Music
Movies
Television
Just For Fun
Miscellaneous
History
Literature
Language
Science
Gaming
Entertainment
Religion
Holiday
For Kids
Quiz Lab
Recent
Popular Today
Quiz Kudos Today
Editor Picks
Curator Picks
Quizzes by...
Day
Popularity
Type
Ratings
Length
Year
Community
Subscriptions
Recent Discussions
Orange Saloon
Badges
Playlists
Quests
Create
Leaderboards
Showdown
Live 5
Trivia Bingo
Activity
Puzzle Library
Sporcle Events
Private Events
Virtual Trivia
Globe League
Become a Host
Pub Owners
SporcleCon
Opinionation
Our Games
Videos
Blog
Mobile Apps
Partnerships
Remove Ads and Go Orange
Feedback
Music
Pop Music
The Beatles
Song
Album
Lyrics
Bands
Singers
Artist
Clip
Rock
Rap
Classical
Billboard
Country Music
Kpop
Taylor Swift
Music
Pop Music
The Beatles
Song
Album
Lyrics
Bands
Singers
Artist
Clip
Rock
Rap
Classical
Billboard
Country Music
Kpop
Taylor Swift
Random Quiz
Search Sporcle
×
Quiz Lab
Quiz Lab
Music
Type in answers that appear in a list
Type in answers that appear in a list
Classic
Best Score? Go Orange.
Three Days Grace Songs Stats
Can you name the Three Days Grace Songs ?
By
Buzz82
8m
38 Questions
79 Plays
79 Plays
79 Plays
Comments
Comments
Give Quiz Kudos
Give Quiz Kudos
-
- Ratings
hide this ad
Random Order
Randomize order of answers
Randomize order of answers
Replay
Link that replays current quiz
Next Quiz
Link to next quiz in quiz playlist
You Got
0%
They Got
Avg Score
63%
Avg Friend Score
Upgrade to see
Score Distribution
Jump to the score distribution portion of the page
Score
0/38
Timer
08:00
0
Plays Today
Hint
Song
% Correct
Somebody get me through this nightmare, I can't control myself
Animal I Have Become
89.9%
This life is filled with hurt when happiness doesn't work
Pain
87.3%
Every time we lie awake, after every hit we take
I Hate Everything About You
86.1%
You're not the only one refusing to back down
Riot
84.8%
We get back up and stand above the crowd, we are one
One X
83.5%
Did I fall asleep? Is this all a dream? Wake me up i'm living a nightmare
Time of Dying
83.5%
This world will never be what I expected and if there's something wrong who would've guessed it?
Never Too Late
82.3%
If you can't stand the way this place is, take yourself to higher places
Break
82.3%
Cause I know you're not there and I know that you don't care
Home
81%
So here I go again chasing you down again why do I do this?
Over and Over
81%
You thought you were there to guide me, you were only in my way
Just Like You
78.5%
It's not fair when you say that I didn't try, I just don't wanna hear it anymore
Let It Die
78.5%
Feels like a hundred years I still can't belive you're gone
Gone Forever
70.9%
You were the first to say that we were not okay
Last To Know
69.6%
It's hard to imagine but one day you'll end up like me
Get Out Alive
69.6%
I know what runs through your blood, you do this in vain because of you my mind is always racing
It's All Over
69.6%
Your name, your face is all you have left now betrayed, disgraced you've been erased
Bitter Taste
68.4%
I wish you never told me I wish I never knew I wake up screaming it’s all because of you
Scared
67.1%
I always thought I'd make it but never knew I'd let it get so bad
World So Cold
67.1%
Hint
Song
% Correct
Nobody knows it but today he won't go unnoticed
Bully
63.3%
You tried to lie and say I was everything I remember when I said I'm nothing without you
Lost In You
63.3%
I need to run far away can't go back to that place, like she told me i'm just a big disgrace
On My Own
62%
You ask me how to carry on we'll make it through another day just hold on
Life Starts Now
60.8%
If I needed someone to control me, if I needed some one to hold me down
Drown
58.2%
Where you finally trust me finally believe in me
Let You Down
58.2%
I don't really know who I am, it's time for me to take a stand
The Good Life
58.2%
I'll let it show that i'm not always hiding
Burn
53.2%
Am I to blame when the guilt and the shame hang over me like a dark cloud that chases you down in the pouring rain
Someone Who Cares
51.9%
In this time are we loving or do we sit here wondering why this world isn't turning around
Now or Never
50.6%
Worn out and faded the weakness starts to show they’ve created the generation that we know
Overrated
49.4%
You left my side tonight and I, I just don't feel right but I, I can't let you out of sight
Without You
48.1%
Where are the hell are you, when I need you?
Wake Up
46.8%
Now it seems are fading, all my dreams are not worth saving
Take Me Under
46.8%
I can't stop the rain, but I can stop the tears and I can't fight the fire but I can fight the fear
No More
44.3%
I feel like I'm dying I've got one foot in the ground, never knew what love was until you came around
Goin' Down
43%
I'm thinking to myself, that i've done something wrong
Running Away
35.4%
So you think you know, how this story goes
Are You Ready
30.4%
You try your best to mock me you're always in my way
Born Like This
24.1%
Quiz Playlist
Details
Report
Send in Message
Add To Playlist
Classic:
Type in answers that appear in a list
Random Order:
Randomize order of answers
Last Updated: Feb 16, 2017
Quiz Scoreboard
CHALLENGE
Sign Up to Join the Scoreboard
Show All
Scores
Hide
Comments
May contain spoilers
Recently Published
Find the 'City' Movie
by crazypaving
Movies
60s
5x2 Blitz: Bands
by SL_Kpop136
Music
30s
Colored Red Africa Blitz
by spor1
Geography
30s
More to Explore
Quiz From the Vault
Featured Blog Post
14 Easter Pick-up Lines to Find Eggs With
hide this ad
You Might Also Like...
Tags
This quiz does not have any tags.
Today's Top Quizzes in Music
Browse Music
hide this ad
Top Contributed Quizzes in Music
1
5X2 Blitz: Bands II
2
Taylor Swift All Songs (2024)
3
Taylor Swift Logic Puzzle II
4
5X2 Blitz: The Beatles
5
5X2 Blitz: Billboard
6
Taylor Swift Logic Puzzle
7
5X2 Blitz: Billboard II
8
5X2 Blitz: Album
9
5X2 Blitz: Singers
10
Music Artist by Three 2010s hits
Explore More
Trending Topics
Crossword
Disney
Harry Potter
NBA
Marvel
Anime
Kpop
Puzzle
Soccer
WWE
Song
NFL
The Office
Pokémon
Country
hide this ad
More By:
Buzz82
Quiz
Plays
Rating
Category
Featured
Created
YuGiOh! Season 1 Duelists
1,683
3.50
Television
Jun 14, 2012
YuGiOh! Fusion Monsters
567
4.50
Television
Jun 17, 2012
Game by Final Boss
558
2.53
Gaming
Aug 21, 2010
WWE Superstar Finishers
244
Television
Oct 2, 2010
Spyro 1 Bosses
242
4.00
Gaming
Sep 11, 2011
Go to Creator's Profile
Score Distribution
Quiz Creator Spotlight
Buzz82
Follow
Send a Message
Quizzes Created
-
Created Quiz Play Count
-
More By This Creator
Popular Quizzes Today
1
Colored Red Africa Blitz
2
Find the 'City' Movie
3
Find the US States - No Outlines Minefield
4
5x2 Blitz: Bands
5
The Countries of the World
6
Find the US States
7
US States
8
9x9 Crossword: Cartoon Network
More Music Quizzes
'N' Named Bands & Musicians
Published
Trending Quizzes
Colored Red Europe Blitz I
Colored Red Europe Blitz II
Colored Red Africa Blitz II
Colored Red Europe Blitz III
Colored Red Africa Blitz III
Recently Updated
How Do You Spell That?
pecheneg
Godzilla Movies
pecheneg
Grab Bag: 4-10 Letters
pecheneg
2024 March Madness Bracket
pecheneg
Famous TV Couples
Peacemaker
Champions League XIs: Real Madrid
pecheneg
Largest US Cities 1790-2010
pecheneg
Rides in Walt Disney World
pecheneg
Most Oscar Losses (Acting)
pecheneg
Beyoncé Albums
pecheneg
Trending Topics
Marvel
Disney
Anime
Crossword
NBA
Harry Potter
Kpop
Song
Country
Puzzle
NFL
The Office
WWE
Pokémon
Soccer
Your Account Isn't Verified!
In order to create a playlist on Sporcle, you need to verify the email address you used during registration. Go to your
Sporcle Settings
to finish the process.
Report this User
Report this user for behavior that violates our
Community Guidelines
.
Details:
Send Report
Go to the Sporcle.com Mobile Site →
Comments